[Event "EU-Cup 13th Group3"]
[Site "Slough"]
[Date "1997.09.24"]
[Round "3"]
[White "Chernin, Alexander"]
[Black "Speelman, Jonathan S"]
[Result "1-0"]
[WhiteElo "2640"]
[BlackElo "2630"]
[Annotator "Ribli,Z"]
[PlyCount "49"]
[EventDate "1997.09.22"]
[EventType "team-k.o."]
[EventRounds "3"]
[EventCountry "ENG"]
[SourceTitle "EXT 2020"]
[Source "ChessBase"]
[SourceDate "2019.10.17"]
[SourceVersion "1"]
[SourceVersionDate "2019.10.17"]
[SourceQuality "1"]
[WhiteTeam "Graz Merkur Versicherung"]
[BlackTeam "Slough Chess Club"]
[WhiteTeamCountry "AUT"]
[BlackTeamCountry "ENG"]

{Speelman: The time scramble in this game distracted Chief Arbiter Bob Wade
from the notorious incident in the game Summerscale v Felsberger.} 1. c4 {
Speelman} b6 {Eine seltene, aber nicht ungef�hrliche Variante. Schwarz
vermeidet die theoretischen Hauptvarianten.} 2. Nc3 e6 3. Nf3 Bb7 4. e4 Bb4 5.
Bd3 (5. Qb3 Na6 $1 6. Be2 (6. a3 Nc5 {Das ist ein typisches Motiv in solchen
Stellungen.Ribli.} 7. Qxb4 a5 8. Qb5 c6 $19 (8... Bc6 $19)) (6. d3 f5 7. exf5
Bxf3 8. gxf3 exf5 $13) 6... Ne7 7. O-O O-O 8. d3 Ng6 9. Bd2 d6 10. a3 Nc5 $1
11. Qc2 Bxc3 12. Bxc3 f5 $1 $15 {1/2-1/2 Serper,G-Yermolinsky,A/WchT Luzern
1993 (41)}) (5. d3 Ne7 6. Qb3 a5 7. a3 a4 8. Qc2 Bxc3+ 9. Qxc3 O-O 10. h4 d5
11. Rh3 dxe4 12. dxe4 Bxe4 {0-1 Rigo,J-Bricard,E/Paris op 1995 (36)}) (5. Qc2
Ne7 6. d4 Bxc3+ 7. bxc3 d6 8. Bd3 Nd7 9. O-O e5 10. a4 Nc6 11. Rb1 O-O 12. Bg5
Qe8 13. Be3 Nf6 14. Rfe1 Na5 {Beim,V-Lempert,I/Berliner Sommer 1993/0-1 (61)})
5... Ne7 {Diese Springerenwicklung scheint mir logisch. Sp�ter kann Schwarz
f7-f5 ziehen und das Spiel f�r seinen L�ufer �ffnen.} (5... Nf6 6. e5 Ng8
7. Be4 Bxe4 8. Nxe4 d5 9. exd6 (9. Qa4+ Qd7) 9... Bxd6 10. O-O Nf6 11. Nxf6+ $5
(11. Nxd6+ cxd6) 11... Qxf6 12. Qa4+ c6 13. d4 O-O 14. Bg5 $14) 6. Ne2 $5 {
Eine seltene Fortsetzung. Aber dieser Springerzug ist sehr logisch. Wei�
vermeidet den m�glichen Tausch mit Bxc3 und deutet damit an, da� der
L�ufer auf b4 nicht gut platziert ist. Der wei�e Springer strebt nach g3.}
(6. O-O O-O 7. Ne2 (7. Bc2 f5 8. e5 (8. Qe2 Bxc3 9. dxc3 (9. bxc3 Bxe4 10. Bxe4
fxe4 11. Qxe4 Nbc6 12. d4 Nf5 13. d5 Na5 14. dxe6 Qe7 {1/2-1/2 Ioseliani,
N-Matveeva,S/EU-chTW 1997 (22)}) 9... Bxe4 10. Bxe4 fxe4 11. Qxe4 Nbc6 12. Bf4
Nf5 13. Rad1 Rc8 14. Rd2 Qe8 {Rayner,F-Plaskett,J/London Lloyds 1993/0-1 (58)})
(8. d4 Bxc3 9. bxc3 Bxe4 10. Bxe4 fxe4 11. Ng5 Qe8 12. Nxe4 (12. Ba3 $5) 12...
Qg6 13. Ng3 (13. Ng5 $5) 13... Nbc6 {xh4 Rahman,Z-Speelman,J/Calcutta op 1996/
0-1 (47)}) (8. Re1 Bxc3 9. dxc3 h6 10. exf5 Nxf5 11. Nd4 $1 Qf6 12. Nxf5 exf5
13. Bf4 d6 14. c5 $1 bxc5 15. Bb3+ Kh7 16. Qh5 Qg6 17. Qxg6+ Kxg6 18. Re7 Na6
19. Bxd6 $1 Rae8 20. Rae1 Be4 21. Rxe8 Rxe8 22. Bf4 {1-0 Rotstein,A-Sulava,N/
Geneva op 1996}) 8... Bxf3 9. gxf3 Ng6 10. d4 Qh4 11. Ne2 Nc6 12. f4 Qg4+ 13.
Ng3 Qh3 14. f3 Nxd4 {0-1 Zlotnikov,M-Shabalov,A/New York op 1997 (22)}) 7... f5
8. Ng3 Bd6 9. Re1 c5 10. exf5 Nxf5 11. Bxf5 Bxg3 12. Be4 Bxe4 13. Rxe4 Bd6 14.
d4 cxd4 15. Rxd4 Bc5 16. Bg5 Qe8 17. Rd3 Nc6 18. Be3 Rxf3 19. gxf3 Ne5 20. Rc3
Bxe3 21. fxe3 Qh5 22. e4 Rf8 23. Kg2 Rf4 24. Qe2 Nxf3 25. Rxf3 Qg4+ 26. Kf2
Qh4+ 27. Kf1 Qh3+ 28. Kf2 Qh4+ {1/2-1/2 Gurevich,M-Kengis,E/URS-chYM 1983})
6... f5 (6... O-O 7. a3 Bd6 (7... Bc5 8. b4) 8. e5 Bxf3 9. exd6 Bxe2 10. dxe7
$18) 7. Ng3 $5 $146 {Heutzutage ist es alles andere als einfach, im 7. Zug
eine theoretische Neuerung zu bringen. Wei� beh�lt sein Zentrum und hat
keine Angst vor 7...f4.} (7. Qc2 Bd6 8. a3 Ng6 9. exf5 Nh4 10. Be4 Nc6 11. fxe6
O-O 12. d4 Nxg2+ 13. Kf1 Nh4 14. Bg5 Nxf3 15. Bxd8 Raxd8 16. Rd1 dxe6 17. Qd3
Ng5 18. Bg2 {1-0 Mitenkov, A-Ivanov,V/Moscow op 1994/EXT 94op (26)}) 7... Ng6
8. O-O f4 (8... Nf4 $2 {Schwarz hat hier nichts Konkretes, stattdessen folgt
sp�ter 10.d2-d4 mit voller Macht.} 9. Bc2) (8... O-O $5 {Speelman}) 9. Ne2 (
9. Nh5 O-O 10. Bc2 e5 11. d4 exd4 12. Nxd4 Bd6 {Chernin} (12... Qg5 13. g3) 13.
Nf5 Be5) 9... O-O 10. Bb1 {Auf den ersten Blick erscheint 10.Bc2 nat�rlicher,
aber der Partiezug erm�glicht Qb3.} Nh4 11. Nxh4 Qxh4 12. f3 $14 {Wei�
verf�gt �ber eine sehr massive Zentrumsstellung. Jetzt steht der Bb7
schlecht, weil er durch die wei�en Bauern g2-f3-e4 stark eingeschr�nkt ist.
} (12. d4 $2 f3 13. gxf3 Bd6 14. Ng3 (14. f4 Qg4+ 15. Ng3 Qxd1 16. Rxd1 Bxf4)
14... Bf4) 12... e5 13. d4 Nc6 (13... exd4 14. Nxd4 (14. Bxf4 Bc5 15. Kh1 (15.
Bd3) 15... Rxf4 16. g3) (14. Nxf4 $1 {Speelman} Rxf4 15. g3) (14. Qxd4 $4 Bc5
$19) 14... g6 (14... Nc6 15. Nf5)) 14. a3 (14. c5 Nxd4 15. Nxd4 Bxc5 $17) 14...
Be7 (14... Bd6 $5 15. c5 Be7 (15... bxc5 16. Qb3+) (15... Be7 16. b4 Nxd4 17.
Nxd4 exd4 18. Qxd4 (18. cxb6 axb6 19. Qxd4) 18... bxc5 $1 19. bxc5 Qg5 20. e5
d6 $13)) 15. dxe5 Nxe5 16. Kh1 {Wei� droht 17.Bxf4, bringt aber zun�chst
seinen K�nig in Sicherheit.} (16. Bxf4 Rxf4 (16... Bc5+ $5 17. Kh1 Rxf4 18.
g3 Rxe4 19. gxh4) 17. g3 Nxf3+ (17... Rg4 $44 {Speelman}) 18. Rxf3 Rg4 $15)
16... Bd6 (16... g5 17. Nd4) (16... Ng6 17. Qxd7 $16) 17. Bxf4 $1 {#} Rxf4 {
Schwarz sollte sofort etwas unternehmen, sonst hat er einen Bauern weniger,
ohne Kompensation zu besitzen.} 18. g3 {Jetzt erkennen wir den Sinn des 16.
Zuges von Wei�.} Rxe4 $5 {Schwarz ist gezwungen, im Tr�ben zu fischen, Er
opfert seine Dame f�r etwas Gegenspiel, jedoch ist Wei� meiner Meinung
nach bei gutem Spiel im Vorteil.} 19. gxh4 $16 (19. Bxe4 Qxe4 20. fxe4 Bxe4+
21. Kg1 Bc5+ 22. Nd4 Nd3 23. h3 Bxd4+ 24. Kh2 $18) 19... Rxh4 20. Nd4 (20. Ng1
Ng4 (20... Nd3 21. h3 Nf4 22. Bf5 $1 $18) 21. h3 Ne3 $2 22. Qe1 $18) (20. c5 $2
{Fritz} Nxf3 21. Qb3+ Kh8 22. Rxf3 Rf8 $1) 20... Rf8 (20... Rxd4 21. Qxd4 Nxf3
22. Qe4 $1 (22. Bxh7+ Kh8 23. Qe4 Bxe4 24. Bxe4 $18) (22. Rxf3 $2 Bxf3+ 23. Kg1
Bc5 $17) 22... Bxe4 23. Bxe4 $18) (20... Ng4 21. c5 $1 (21. Be4 $2 Rxh2+ 22.
Kg1 Ne3 23. Bxb7 Rg2+ 24. Kh1 Rh2+ $10) (21. Qe1 {Fritz} Rxh2+ 22. Kg1 Bc5 23.
Qc3 {and Black will certainly have chances for a few more moves.}) 21... Rxh2+
(21... Bxh2 22. Nf5 $1 Rh5 23. Qxd7 $18 (23. Nxg7 {Fritz} Rh3) 23... Bd6+ 24.
Kg1 Bxc5+ 25. Kg2 Rg5 26. Kh3 Nf2+ 27. Rxf2 Bxf2 28. Be4 $18) 22. Kg1 Bxc5 23.
b4 (23. Qd3 {Speelman}) 23... Rg2+ 24. Kxg2 Ne3+ 25. Kh1 Nxd1 26. bxc5 Ne3 27.
Re1 bxc5 28. Ba2+ Kf8 29. Rab1 $18) 21. Be4 Ng4 (21... Rxe4 22. fxe4 Rxf1+ 23.
Qxf1 Bxe4+ 24. Kg1 Bc5 {Schwarz hat lebendige Figuren, aber drei Leichtfiguren
sind etwas zu wenig f�r Springer, Dame,und Turm.} 25. Rd1 Nf3+ 26. Kf2 Bxd4+
(26... Nxd4 27. b4 $18 (27. Ke3 $18 {Speelman})) 27. Rxd4 Nxd4 28. Qe1 Bg6 29.
Qe7) (21... Nxf3 22. Bxf3 $1 Rxh2+ 23. Kg1 Rf6 24. Rf2 Bxf3 25. Rxf3 Rg6+ 26.
Kf1 Rh1+ 27. Ke2 $18) 22. Bxb7 Nxh2 (22... Rxh2+ 23. Kg1 Ne3 24. Bd5+ (24. f4
$1) (24. f4 $1 {Speelman}) 24... Kh8 25. Rf2 Nxd1 26. Rxd1 $18 {Schwarz hat
keinen Angriff und lediglich eine Figur weniger.}) 23. Kg2 Nxf1 24. Qxf1 Rxd4 {
Schwarz hat nur einen Turm f�r die wei�e Dame, d.h. er hat keine
ausreichende Kompensation. Aufgrund der ungleichfarbigen L�ufer hat Schwarz
zwar etwas Angriff, Wei� sollte seinen Vorteil jedoch verwerten k�nnen.}
25. Bd5+ $18 1-0

[Event "Katrineholm"]
[Site "Katrineholm"]
[Date "1999.05.17"]
[Round "6"]
[White "Speelman, Jonathan S"]
[Black "Berg, Emanuel"]
[Result "1-0"]
[WhiteElo "2601"]
[BlackElo "2364"]
[Annotator "Ribli,Z"]
[PlyCount "95"]
[EventDate "1999.05.??"]
[EventType "tourn"]
[EventRounds "9"]
[EventCountry "SWE"]
[EventCategory "12"]
[SourceTitle "CBM 071"]
[Source "ChessBase"]
[SourceDate "1999.08.01"]
[SourceVersion "1"]
[SourceVersionDate "1999.08.01"]
[SourceQuality "1"]

{[%mdl 4104]} 1. Nf3 f5 2. c4 Nf6 3. Nc3 g6 {Schwarz plant den Leningrader
Aufbau der Holländischen Verteidigung zu spielen, aber Weiß muß nicht d2-d4
ziehen. Ribli.} 4. d3 {Der englische Großmeister vermeidet die theoretischen
Hauptvarianten.} (4. d4 {Nach diesem Zug entsteht die wohlbekannte und
vielanalysierte Grundstellung der Leningrader Variante der Holländischen
Verteidigung.}) 4... Bg7 (4... d6 5. e4 Nc6 6. exf5 Bxf5 7. d4 e5 8. d5 Ne7 9.
h3 Bg7 10. Be3 O-O 11. g4 Bd7 12. Bg2 Qe8 13. Nd2 h5 14. Nde4 hxg4 15. Nxf6+
Bxf6 16. hxg4 b5 17. c5 {1-0 Dizdarevic,E-Zaja,I/Makarska 1994/EXT 97 (23)}) 5.
e4 {Konsequent gespielt. Das ist die logische Fortsetzung nach 4.d3.} d6 (5...
O-O 6. exf5 gxf5 7. d4 c5 8. d5 e5 9. g3 d6 10. Bg2 Na6 11. O-O Nc7 12. a4 Rb8
13. Qc2 Kh8 14. Nh4 Ng4 15. f3 Nh6 16. Bh3 Qf6 17. Bd2 a6 18. a5 b5 19. axb6
Rxb6 20. Nd1 Qf7 21. Bc3 Ne8 22. Ne3 Qh5 23. Rab1 Rb7 24. b4 {1-0 Pigusov,
E-Zhang Zhong/Beijing 1996/CBM 54 ext (49)}) 6. exf5 Bxf5 (6... gxf5 7. d4 $14)
7. h3 $5 $146 {Eine originelle Idee, wie üblich bei Speelman. Weiß bereitet
den extravaganten Zug g2-g4 vor. Auch der normale Plan 7.d4 und 8.Bd3 ist
vorteilhaft für Weiß.} (7. d4 O-O 8. Bd3 Bxd3 (8... Qd7 9. Bxf5 gxf5 10. O-O
Na6 11. Re1 c6 12. Bg5 Nc7 13. Qd3 b5 14. b3 e6 15. Rad1 {1-0 Przewoznik,
J-King,D/Espoo 1991/EXT 97 (41)}) 9. Qxd3 Qd7 10. O-O Nc6 11. Bg5 Rae8 12. Rae1
Nh5 13. d5 Nd8 14. Re4 Nf7 15. Bd2 {1-0 Arkhipov,S-Ivanov,A/Moscow 1992/EXT 97
(40)}) 7... c5 (7... e5 $5) (7... Nc6 $5) 8. Be3 (8. g4 Bd7 {[%cal Gd7c6,Gc6h1]
}) 8... Nc6 (8... e5 $5 {Schwarz schwächt zwar das Feld d5, aber Weiß kann
nicht d3-d4 ziehen.}) 9. g4 Bd7 10. d4 $13 cxd4 11. Nxd4 Rc8 {[%cal Gc8c4]} (
11... Nxd4 $5 12. Bxd4 Bc6 $11 {[%cal Rc6h1] Schwarz hat bequeme Stellung,
denn sein Läufer steht ausgezeichnet auf c6.}) 12. Be2 O-O 13. Qd2 Qa5 (13...
Nxd4 14. Bxd4 Bc6 15. O-O b6 $11) 14. Rd1 (14. O-O $6 Nxd4 15. Bxd4 Ne4 16. Qe3
(16. Nxe4 Qxd2 17. Nxd2 Bxd4 $15 {[%csl Gd4]}) 16... Bxd4 17. Qxd4 Nxc3 18.
bxc3 Bc6 $15 {[%csl Rc3,Rc4]}) (14. Nb3 Qb4) 14... Nxd4 (14... Ne5 15. b3 a6
16. f4 $14) 15. Bxd4 Bc6 (15... e5 16. Be3 Bc6 17. O-O $14 {[%csl Yd5,Rd6]})
16. O-O Ne4 (16... a6 $11 {[%cal Gb7b5]}) 17. Nxe4 Qxd2 18. Rxd2 (18. Nxd2 $2
Bxd4 $15) 18... Bxe4 $11 19. Bxa7 $5 {Weiß strebt nach Komplikationen. Er hat
keine Angst, daß der Gegner seinen Turm in der a-Linie aktivieren kann.} (19.
Bxg7 Kxg7 20. f4 $11) 19... Ra8 20. Bd4 Bh6 (20... Rxa2 21. c5 {[%cal Re2c4,
Rc4g8,Rc4a2]} Bh6 (21... d5 $2 22. Bxg7 Kxg7 23. f3 $18 {[%csl Re4]}) 22. Rdd1
d5 {Das ist nur Zugumstellung zur Partiefortsetzung.}) (20... Bxd4 $2 21. Rxd4
$16) 21. Rdd1 Rxa2 22. c5 {[%cal Re2c4,Rc4a2,Rc4g8]} d5 23. Bd3 (23. f3 Bc2 24.
Ra1 Rfa8 25. Rxa2 Rxa2 $11) 23... Bxd3 (23... Bf3 $5 {[%csl Gf3]} 24. Ra1 Rfa8
25. b4 $11) 24. Rxd3 Bf4 $6 (24... Rfa8 $11) 25. Bc3 $14 {[%csl Rd5]} e6 26.
Re1 {[%csl Re6]} Kf7 (26... Re8 $2 27. Rxd5 $16 {[%cal Ge1e8]}) 27. Kg2 Rc8 {
[%cal Rc8c5] Schwarz möchte den weißen c5-Bauern nehmen, aber er hat dafür
keine Zeit, denn Weiß ist am Königsflügel schneller.} 28. Rf3 {[%csl Rf4,Rf7]}
g5 29. h4 Ke7 (29... h6 30. hxg5 hxg5 31. Rh3 $16 {[%csl Rf7][%cal Rh3h7,Rh7f7]
}) (29... Rxc5 $2 30. hxg5 Ra4 31. Be5 Rcc4 32. b3 $18 {[%cal Rb3a4,Rb3c4]})
30. hxg5 Bxg5 31. Rf5 $1 {[%cal Ge1e7,Rf5g5,Rf5d5]} Rg8 32. Rxd5 $16 {Weiß
besitzt einen Mehrbauern und mit seinem aktiven Turmpaar geht der Angriff noch
weiter.} Bf6 {Schwarz tauscht die Läufer und möchte die Partie im Turmendspiel
retten. Die weißen Türme sind allerdings so aktiv, daß er sich keine großen
Hoffnungen machen darf.} 33. Bxf6+ Kxf6 {[%cal Ra2b2,Rg8g4,Re6d5] Die Stellung
wirkt gleich, denn Weiß kann seinen Mehrbauern nicht behaupten und es hängt
jetzt d5.} 34. Rd6 {[%csl Re6]} Rxg4+ (34... Re8 35. Rb6 $16 (35. b4 $16 {
[%cal Gd6b6,Gb6b7]})) 35. Kf3 Rc4 (35... Kf5 36. Rdxe6 Rf4+ (36... Rxb2 $4 37.
R1e5#) 37. Kg3 $16 {[%csl Rf5]}) 36. Rdxe6+ Kf7 37. Re7+ {[%cal Re7b7,Re7h7]}
Kf6 (37... Kf8 38. Re8+ (38. Rxb7 Rxc5 39. Ree7 Rxb2) 38... Kf7 39. R1e7+ Kf6
40. Re6+ Kf5 (40... Kf7) 41. Re5+ Kf6 42. R8e6+ Kf7 43. Rb6 {Wir haben mit
Zugumstellung die Partiefortsetzung (siehe 41. weißer Zug).}) 38. R1e6+ Kg5 39.
Re5+ Kf6 40. R7e6+ Kf7 41. Rb6 {[%csl Gb6] Im Lager des Weißen ist alles
verteidigt und der schwarze Bauer b7 hängt mit Schach.} Ra7 {[%csl Ra7]
Schwarz hat nichts beseres, als seinen Turm so erbärmlich aufzustellen.} 42.
Rf5+ Ke8 $6 (42... Kg8 43. Rd5 $16) 43. Rh5 $18 Kd8 44. Rxh7 {Weiß hat eine
technische Gewinnstellung.} (44. b4) 44... Rxc5 (44... Kc8 45. c6 $18 {[%cal
Gh7a7]}) 45. Rbxb7 Rxb7 46. Rxb7 Kc8 47. Re7 Rb5 48. Re2 {[%csl Ge2] Schwarz
gab auf. Mit zwei Mehrbauern ist die Stellung leicht gewonnen. der weiße Turm
verteidigt den Bauern b2 und läßt den schwarzen König nicht über die e-Linie,
während der weiße Bauer vorangeht.} 1-0

[Event "Prague"]
[Site "Prague"]
[Date "1993.??.??"]
[Round "6"]
[White "Smejkal, Jan"]
[Black "Kengis, Edvins"]
[Result "1/2-1/2"]
[WhiteElo "2515"]
[BlackElo "2560"]
[Annotator "Ribli,Z"]
[PlyCount "91"]
[EventDate "1993.09.??"]
[EventType "tourn"]
[EventRounds "9"]
[EventCountry "CZE"]
[EventCategory "10"]
[SourceTitle "CBM 037"]
[Source "ChessBase"]
[SourceDate "1993.12.01"]
[SourceVersion "1"]
[SourceVersionDate "1993.12.01"]
[SourceQuality "1"]

1. c4 b6 2. Nc3 e6 3. g3 $5 Bb7 4. e4 (4. Nf3 $6 Bxf3 $1 5. exf3 c5 $13) 4...
f5 5. Bg2 Nf6 (5... fxe4 $2 6. Nxe4 $14) 6. d3 fxe4 7. Nge2 $1 (7. dxe4 Bb4 $1
8. Qc2 Bxc3+ 9. Qxc3 O-O $10 (9... Bxe4 10. Bxe4 Nxe4 11. Qxg7 Qf6 12. Qxf6
Nxf6 13. b3 Nc6 14. Bb2 O-O 15. Ne2 Ne4 16. Rf1 a5 $13)) 7... Bc5 (7... Bb4 8.
O-O $14) 8. O-O O-O 9. Bg5 $1 (9. dxe4 Ng4 $13) 9... Be7 (9... h6 10. Bxf6 Qxf6
11. d4 $1 $14) 10. dxe4 Ng4 (10... d6 $2 11. Nd4 $16) 11. Bxe7 Qxe7 12. Nd4 Ne5
13. b3 Nbc6 14. Nc2 Nb4 15. Nxb4 (15. Ne3 $5 a5 16. Kh1 $14) 15... Qxb4 16. Rc1
Rad8 17. f4 Nf7 18. Qd2 a6 19. Rf2 Qe7 20. Rcf1 Bc6 21. Qd3 (21. e5 Bxg2 22.
Kxg2 d6 23. exd6 Nxd6 24. Qe2 Nf5 $13) 21... Qc5 22. Kh1 b5 23. cxb5 axb5 24.
Rc2 Qb6 25. Ne2 (25. Rfc1 $5 b4 26. Ne2 Bb5 27. Qd2 $14) 25... e5 26. Nc3 b4
27. Nd5 Bxd5 28. Qxd5 (28. exd5 exf4 29. Rxf4 Ne5 $13) 28... c6 29. Qc5 Qxc5
30. Rxc5 Ra8 31. Bh3 Rfd8 32. Rd1 Rxa2 33. Rxd7 Ra1+ 34. Kg2 Ra2+ 35. Kf3 Rxh2
36. Rxc6 (36. Rxd8+ Nxd8 37. Rxe5 Rxh3 38. Re8+ Kf7 39. Rxd8 Rh2 40. Rd7+ Kf8
$10) 36... Rxh3 37. Rxd8+ Nxd8 38. Rc8 exf4 39. Rxd8+ Kf7 40. Kxf4 h5 $1 41.
Rd7+ Kf8 42. Rb7 h4 $1 43. gxh4 Rxb3 44. e5 Rb1 45. e6 b3 46. Kg3 1/2-1/2